000
00230nam a22000977a 4500
999
_c
16202
_d
16202
003
OSt
008
200623b ||||| |||| 00| 0 eng d
100
_a
K N vasudeva panikkar
_9
4623
245
_a
Pre-degree General English
942
_c
BK